00389nam a2200157Ia 45000010006000000050017000060080041000230410008000640820019000721000029000912450058001202600009001783000028001876500008002156540008002232131020260306172910.0260306t2013||||xx |||||||||||||| ||spa|| aESP a344.525JbG312 aRojas Vargas, FideleAUT 0aLos delitos contra el patrimonio en la jurisprudencia c2013 a573 páginas :c25 cm. aGEN aCDE